| 000 | 00794nam a22002292 4500 | ||
|---|---|---|---|
| 001 | 0000007262 | ||
| 005 | 20151217155833.0 | ||
| 008 | 071213s xx 000 0 eng d | ||
| 020 |
_a996694804x : _cKES |
||
| 040 |
_aKABU _cKABU |
||
| 100 | 1 |
_aBarasa, Tiberius. _@0000153245 |
|
| 245 | 1 | 0 |
_aRedesigning Kenya's political system through shared governance / _cTiberius Barasa. |
| 260 |
_aNairobi : _bIPAR, _c2007. |
||
| 300 | _aiv, 47 p. | ||
| 440 | 0 |
_aIPAR discussion paper. _nno. 094. _@0000158456 |
|
| 650 | 0 |
_aRepresentative government and representation _zKenya. _@0000158457 |
|
| 650 | 0 |
_aDemocracy _zKenya. _@0000153228 |
|
| 650 | 0 |
_aKenya _bPolitics and government _y2002-. _@0000158458 |
|
| 908 | _a071213 | ||
| 950 | _@1 | ||
| 999 |
_c13057 _d13057 |
||